Sýkorka

Bibliographic Details
Main Author: Kollár, Jozef, 1960- (Author)
Format: Article
Language:Slovak
Subjects:

MARC

LEADER 00000nab a2200000 a 4500
001 vtls000417604
003 SK-MaSNL
005 20260302234911.0
008 120925c1991 xo 0 slo
015 |a SNBRB19rr/mm-uuuuu 
035 |a CL0417729 
040 |a SNKBUCL  |b slo  |c SNKBUCL  |e AACR2 
041 0 |a slo 
044 |a xo  |c SK 
080 |a 885.4-3  |2 1981 
100 1 |a Kollár, Jozef,  |d 1960-  |4 aut  |9 111263 
245 1 0 |a Sýkorka  |c Jozef Kollár 
655 7 |a slovenské poviedky  |2 snkbucl  |9 70226 
655 7 |a články z odboru literárna veda a krásna literatúra  |2 snkbucl  |9 770045 
655 7 |a články z novín a časopisov  |2 snkbucl  |9 267496 
773 0 |t Kamarát  |g Roč. 23, č. 37 (1991), s. 12 
850 |a Slovenská národná knižnica v Martine  |a MTA001 
852 |a SNK  |b KIS3GCP 
958 |a RK 
958 |a LX 
992 |a RBX 
999 |c 1552413  |d 1554343